[Event "Wch Seniors 15th"]
[White "Cleal, John"]
[Black "Weinberg, Emanuele"]
[Site "Lignano Sabbiadoro"]
[Round "8"]
[Result "0-1"]
[Date "2005.10.06"]
[WhiteElo "2035"]
[BlackElo "1927"]
[PlyCount "70"]
[EventDate "2005.09.28"]
[EventType "swiss"]
[EventRounds "11"]
[EventCountry "ITA"]
[SourceTitle "CBM 108 Extra"]
[Source "ChessBase"]
[SourceDate "2005.11.04"]
[SourceVersion "1"]
[SourceVersionDate "2005.11.04"]
[SourceQuality "1"]

1. e4 d6 2. d4 Nf6 3. f3 g6 4. Be3 Bg7 5. Bd3 0-0 6. Ne2 Nbd7 7. Qd2 c5 8. c3 Rb8 9. a4 a6 10. Na3 Re8 11. 0-0 b6 12. g4 cxd4 13. cxd4 e5 14. Nc4 Qe7 15. d5 Nc5 16. Bc2 Bd7 17. b4 Ncxe4 18. fxe4 Nxg4 19. Ng3 Nxe3 20. Qxe3 b5 21. Na5 Rbc8 22. Bb3 h5 23. axb5 Bxb5 24. Rfc1 Kh7 25. Nc6 Qd7 26. Qc3 h4 27. Ba4 hxg3 28. Bxb5 axb5 29. Qxg3 Bh6 30. Rf1 Ra8 31. Ra5 Kg7 32. Rfa1 Rxa5 33. Rxa5 Bf4 34. Qg2 Rh8 35. Ra7 Be3+ 0-1

[Event "Wch Seniors 15th"]
[White "Davydov, Mihail"]
[Black "Cleal, John"]
[Site "Lignano Sabbiadoro"]
[Round "5"]
[Result "1-0"]
[Date "2005.10.02"]
[WhiteElo "2144"]
[BlackElo "2035"]
[PlyCount "85"]
[EventDate "2005.09.28"]
[EventType "swiss"]
[EventRounds "11"]
[EventCountry "ITA"]
[SourceTitle "CBM 108 Extra"]
[Source "ChessBase"]
[SourceDate "2005.11.04"]
[SourceVersion "1"]
[SourceVersionDate "2005.11.04"]
[SourceQuality "1"]

1. e4 c5 2. Nf3 Nc6 3. Bb5 g6 4. d4 cxd4 5. Bxc6 dxc6 6. Qxd4 Qxd4 7. Nxd4 Bg7 8. c3 Nf6 9. f3 0-0 10. Be3 Nd7 11. Nd2 a6 12. a4 Ne5 13. Ke2 Bd7 14. Rhd1 b5 15. axb5 axb5 16. h3 c5 17. N4b3 c4 18. Nc5 Bc6 19. f4 Nd7 20. Nxd7 Bxd7 21. Bc5 Rfe8 22. Rxa8 Rxa8 23. Nxc4 Bxh3 24. gxh3 bxc4 25. Bxe7 Bh6 26. Kf3 Re8 27. Rd8 Rxd8 28. Bxd8 Kf8 29. Ke3 Ke8 30. Bf6 Kd7 31. Kd4 Bxf4 32. Kxc4 Ke6 33. Bd4 h5 34. b4 g5 35. Kd3 g4 36. hxg4 hxg4 37. b5 Bb8 38. c4 f5 39. exf5+ Kxf5 40. c5 Ke6 41. Ke4 Bh2 42. b6 Kd7 43. Kd5 1-0